003500000a22001090004500090001700000245003600017041001400053100003700067942001300104773010600117999001700223 aASbSeriadas10aMagnoliaceae nativas del Brasil0 aEspañol1 aLozano Contreras, Gustavo920520 cARTICULO1 tRevista de la Academia Colombiana de Ciencias Exactas, Fisicas y Naturales332h66q579-583d1990g17 c14171d14171